000 00407nam a2200193Ia 4500
008 240510s9999 xx 000 0 und d
020 _a818864160X
041 _atam
082 _a894.811
082 _bS84
100 _aSUJATHA
245 0 _aRaththam Ore Niram
260 _bIndia,Uyirmmai Pathippagam
260 _c2013
300 _a341 p.
650 _aNovel
942 _2ddc
942 _cLBK
999 _c29196
_d29196
945 _a1
_bMadushi Gamage
_c1
_dMadushi Gamage